000 00810cam a2200265 4500
008 090401t1998 xxu||||| |||| 00| 0 eng d
020 _a085406849X
035 _a(Sirsi) u81178
041 _aeng
050 _a690.3
110 _aRoyal Institution of Chartered Surveyors
_94900
245 _aQuality assurance and the surveying professional. Volume 3: survey results for quality management and construction professionals.
260 _aLondon
_bRICS
_c1998
300 _aviii,102p. ; 30cm.
350 _a0
650 _aBS EN ISO 9000
650 _aQUALITY ASSURANCE
650 _aQUALITY MANAGEMENT
650 _aSURVEYORS
690 _aMANAGEMENT-BUSINESS MANAGEMENT-PROFESSIONAL PRACTICE
700 _aBarrett, Peter
700 _aHolling, Jonathon
942 _n0
948 _c01/10/1997
999 _c96680
_d96680